000
00351nam a2200145Ia 4500
008
220216s9999 xx 000 0 und d
100
_a
Yu D X
245
2
_a
A study on the flakeboard made from rubber wood
260
_b
Wood Industry
_c
1991
300
_a
Dec-16
500
_a
CAB CD 1995
700
_a
Song Y R
700
_a
Zhao Y F
942
_c
BO
999
_c
47810
_d
47810